| 000 | 00813nam a2200265 4500 | ||
|---|---|---|---|
| 003 | OSt | ||
| 005 | 20260530115315.0 | ||
| 008 | 260421b1997 enk |||| |||| 00| 0 eng d | ||
| 040 |
_aICI _bspa _cICI |
||
| 050 |
_aBH39 _b.G65 1977 |
||
| 100 |
_aGombrich, E. H. _d1909-2001 _eautor _933369 |
||
| 245 |
_aOn pride and prejudice in the arts _cE. H. Gombrich |
||
| 250 | _a1a edición | ||
| 260 |
_aLondon _bPhaidon _c1977 |
||
| 300 |
_a19 paginas _c21cm. |
||
| 336 |
_2rdacontent _atexto |
||
| 337 |
_2rdamedia _asin medio |
||
| 338 |
_2rdacarrier _avolumen |
||
| 500 | _aEnsayo sobre la percepción, el juicio estético y los prejuicios en las artes. | ||
| 650 |
_aArte _xFilosofía. |
||
| 650 |
_aEstética. _97755 |
||
| 650 | _aPercepción visual. | ||
| 650 |
_aJuicio estético. _933372 |
||
| 942 |
_2lcc _n0 _cBK |
||
| 999 |
_c13521 _d13521 |
||